00528nam a2200145 a 4500008004100000050001400041100001600055245004000071250001200111260000900123350000900132995009400141999001700235952013000252120416s1976 xx |||||||||||||| || u aS 495 Sin aSingh, S. S10aPrinciples and practice of agronomy a3rd ed. c1976 a0.00 D0.00FCBU-MAIN LIBRARY (Kitwe)H1I42.00M1UDAMAGEDZMain Library Open Access Collection c54482d54482 00102lcc4070a001b001cMain Library Open Access Collectiond2022-11-30l0oS 495 Sinp013160r2022-11-30w2022-11-30y002